Fundamentals of educational psychology / (Record no. 24471)

MARC details
000 -LEADER
fixed length control field 02840 a2200313 4500
008 - FIXED-LENGTH DATA ELEMENTS--GENERAL INFORMATION
fixed length control field 090226t xxu||||| |||| 00| 0 eng d
010 ## - LCCN (DPL NO)
LC control number B-340929-937
020 ## - INTERNATIONAL STANDARD BOOK NUMBER
International Standard Book Number 9788183187961
Terms of availability 225.00
035 ## - SYSTEM CONTROL NUMBER
System control number B-340929-937
037 ## - SOURCE OF ACQUISITION
Source of stock number/acquisition Himalaya Pub.House
040 ## - CATALOGING SOURCE
Original cataloging agency dpl
Language of cataloging English
082 ## - DEWEY DECIMAL CLASSIFICATION NUMBER
Classification number 370.15
100 ## - MAIN ENTRY--PERSONAL NAME
Personal name Khan, M.A.
245 ## - TITLE STATEMENT
Title Fundamentals of educational psychology /
Statement of responsibility, etc by M.A. Khan
260 ## - PUBLICATION, DISTRIBUTION, ETC. (IMPRINT)
Place of publication, distribution, etc New Delhi
Name of publisher, distributor, etc Himalaya Publishing House
Date of publication, distribution, etc 2007
270 ## - ADDRESS
Address 4-Pooja Apartments, B, Murari Lal Street, Ansari Road, Darya Ganj
City New Delhi
Postal code 110 002
300 ## - PHYSICAL DESCRIPTION
Extent 302 p.
Dimensions 22cm (pbk)
942 ## - ADDED ENTRY ELEMENTS (KOHA)
Institution code [OBSOLETE] dpl
Item type English Books
Source of classification or shelving scheme Dewey Decimal Classification
Classification part 370.15
Call number suffix KHA
Holdings
Withdrawn status Lost status Source of classification or shelving scheme Damaged status Not for loan Collection code Home library Current library Date acquired Source of acquisition Cost, normal purchase price Total Checkouts Full call number Barcode Date last seen Copy number Cost, replacement price Koha item type Total Renewals
    Dewey Decimal Classification     Non-fiction Central Library Central Library 26/02/2009 Himalaya Pub. House/A430671/11.6.09/38/5.6.09/17.6.09 225.00 1 370.15 KHA B-340929 15/07/2017 1 225.00 English Books  
    Dewey Decimal Classification     Non-fiction Janak Puri Janak Puri 26/10/2009 Himalaya Pub. House/A430671/11.6.09/38/5.6.09/17.6.09 225.00 3 370.15 KHA B-340932 06/12/2021 1 225.00 English Books  
    Dewey Decimal Classification     Non-fiction Karol Bagh Karol Bagh 26/10/2009 Himalaya Pub. House/A430671/11.6.09/38/5.6.09/17.6.09 225.00   370.15 KHA B-340935 26/10/2009 1 225.00 English Books  
  Written-off vide DLB M. No. 383 dt 16.05.19 Dewey Decimal Classification     Non-fiction Narela Narela 26/10/2009 Himalaya Pub. House/A430671/11.6.09/38/5.6.09/17.6.09 225.00   370.15 KHA B-340936 26/10/2009 1 225.00 English Books  
  Written-off vide DLB M. No. 383 dt 16.05.19 Dewey Decimal Classification     Non-fiction Patel Nagar Patel Nagar 26/10/2009 Himalaya Pub. House/A430671/11.6.09/38/5.6.09/17.6.09 225.00   370.15 KHA B-340930 26/10/2009 1 225.00 English Books  
  Written-off vide DLB M. No. 383 dt 16.05.19 Dewey Decimal Classification     Non-fiction Peshwa Road Peshwa Road 26/10/2009 Himalaya Pub. House/A430671/11.6.09/38/5.6.09/17.6.09 225.00   370.15 KHA B-340931 26/10/2009 1 225.00 English Books  
    Dewey Decimal Classification     Non-fiction Sarojini Nagar Sarojini Nagar 26/10/2009 Himalaya Pub. House/A430671/11.6.09/38/5.6.09/17.6.09 225.00 1 370.15 KHA B-340933 07/08/2023 1 225.00 English Books 1
    Dewey Decimal Classification     Non-fiction Shahdara Branch Shahdara Branch 26/10/2009 Himalaya Pub. House/A430671/11.6.09/38/5.6.09/17.6.09 225.00   370.15 KHA B-340937 26/10/2009 1 225.00 English Books  
    Dewey Decimal Classification     Non-fiction Vinoba Puri Vinoba Puri 26/10/2009 Himalaya Pub. House/A430671/11.6.09/38/5.6.09/17.6.09 225.00 4 370.15 KHA B-340934 09/01/2023 1 225.00 English Books  

© Delhi Public Library
Hit Counter
free hit counter